| 000 | 00681nam a22001577a 4500 | ||
|---|---|---|---|
| 008 | 120423s2004 ua|||||r|||| 000 0 ara d | ||
| 082 |
_a301.20953 _bس ع ي |
||
| 100 |
_929710 _aسعيد ، علي |
||
| 245 |
_aحوارات القاهرة : _bالمثقفون والأزمة العراقية / _cتأليف علي سعيد ، علي الفاتح |
||
| 260 |
_aالقاهرة : _bمكتبة مدبولي ، _c2004 |
||
| 300 |
_a370 ص ؛ _c22 سم |
||
| 650 |
_913400 _aالثقافة العربية |
||
| 651 |
_916210 _aالعراق _xتاريخ _y.(العصر الحديث - الاحتلال الأمريكي (2003-2011 |
||
| 700 |
_929711 _aالفاتح ، علي |
||
| 942 |
_2ddc _cBB |
||
| 999 |
_c16683 _d16683 |
||